Piłka nożna dwaj piłkarze - wspólny klub #5 - Statystyki

Ogólne statystyki
  • Ten quiz został rozwiązany 75 razy
  • Średni wynik to 13 z 15
Statystyki odpowiedzi
zawodnicy klub % Poprawnych
Antoine Griezmann i Miralem Pjanić FC Barcelona
97%
Isco i Antony Real Betis
96%
Edin Dzeko i Joe Hart Manchester City
94%
Jesse Lingard i Bastian Schweinsteiger Manchester United
94%
Radja Nainggolan i Łukasz Skorupski AS Roma
91%
Alex Sandro i Iker Casillas FC Porto
87%
David De Gea i Moise Kean ACF Fiorentina
85%
Fabinho i Radamel Falcao AS Monaco
85%
Samir Nasri i Jack Wilshere Arsenal FC
82%
Diego Costa i David Villa Atletico Madryt
82%
Luis Suarez i Christian Eriksen Ajax Amsterdam
81%
Aritz Aduriz i Iker Muniain Athletic Bilbao
81%
Ivan Perisić i Shinji Kagawa Borussia Dortmund
81%
Omar Marmoush i Hugo Ekitike Eintracht Frankfurt
78%
Kenny Dalglish i John Barnes Liverpool FC
71%
Nie znaleziono quizów pasujących do podanych kryteriów
Rozkład punktacji
Procent ludzi z każdym wynikiem
Percentyl według liczby udzielonych odpowiedzi
Twoja historia wyników
Nie rozwiązałeś tego quizu